LEADER 01392nam a2200277 u 4500 001 000000051932 003 CaOOAMICUS 005 20070226115407.0 008 001003s1999 it u000 u fre u 035 $a10857142 040 $aPUL$bita 100 1 $aMukena Katayi, Albert Vianney.$0(OLS)http://pul/name/37210 245 10$aDialogue avec la religion traditionnelle africaine a la lumiere du Synode africain 1994 et de l'exhortation post-synodale ecclesia in Africa /$cMukena Katayi Albert Vianney. 260 $aRomae :$b[s.n.],$c1999. 300 $aviii, 240 p. ;$c25 cm 500 $aIn testa al front.: "Pontificia Universitas Urbaniana. Facultas missiologica". 500 $a"Dissertatio ad doctoratum in Facultate missiologica". 502 $aDiss.-- Pontificia Universitas Urbaniana, 1999. 504 $a"Bibliographie": p. [229]-240. 651 4$aAfrica$xStoria ecclesiastica.$0(OLS)http://pul/subject/2613 850 $aPUL 852 $aPUL$W1$xDP1 Tesi Pon. Univ. Urbaniana$y49$mTH URB 547$j68725$nBK-PRI$b $qTesi$B68725$CPULBib$Z2$F68725 $H $81 941 1 $a16 961 $aINV: 83074 996 $6245$aDialogue avec la religion traditionnelle africaine a la lumiere du Synode africain 1994 et de l'exhortation post-synodale ecclesia in Africa$9(OLS)http://pul/title/69687 996 $6260$aRomae :$b[s.n.]$9(OLS)http://pul/publisher/48223 LEADER 01398nam a2200337 a 4500 001 000000137746 003 CaOOAMICUS 005 20220621153623.0 008 140313s2013 it a u000 u ita r 020 $a978-88-581-0870-3 032 $aLibriCat 040 $aPUL$bita 041 1 $aita$hfre 082 04$a940.1 130 0 $aHommes et femmes du Moyen âge.$lItaliano.$0(OLS)http://pul/title/174421 245 10$aUomini e donne del Medioevo /$csotto la direzione di Jacques Le Goff. 260 $aBari ; Roma :$bGius. Laterza & figli,$c©2013. 300 $a447 p. :$bill. ;$c24 cm 490 1 $aRobinson. Letture 504 $aBibliografia p. 436-447. 650 4$aMedioevo$zEuropa$ySec. V-XV$xStoria.$0(OLS)http://pul/subject/36899 700 1 $aLe Goff, Jacques,$d1924-2014.$0(OLS)http://pul/name/469 830 2$aI Robinson.$pLetture.$0(OLS)http://pul/title/65836 850 $aPUL 852 $aPUL$W1$xSL Cons. Gen., Altre Classi 3$y75$m940. 1 LEGJA 4$j158787$qDDC 21$B158310$CPULBib$Z2$F158310 $H123690 $82 941 1 $a9 996 $6020$a978-88-581-0870-3$9(OLS)http://pul/number/154808 996 $6082$a940.1$9(OLS)http://pul/classification/198 996 $6245$aUomini e donne del Medioevo$9(OLS)http://pul/title/174420 996 $6260$aBari ; Roma :$bGius. Laterza & figli$9(OLS)http://pul/publisher/81307